000 00359nam a2200145 i 4500
001 bg
100 1 _aSZCZĘCH, W.
245 0 _aMiędzynarodowe programy,sieci i systemy informacji naukowej /
_cW.Szczęch.
250 _aWyd.2.
260 _aWarszawa,
_c1986.
040 _cBPK
041 _apol
942 _cKS
008 s pl f |000 0 pol
999 _c28587
_d28587
856 _uhttp://koha.tu.koszalin.pl/cgi-bin/koha/opac-detail.pl?biblionumber=28587
_yKatalog online BPK